| 000 | 00716nam a2200181 i 4500 | ||
|---|---|---|---|
| 001 | 25609 | ||
| 003 | ES-MaACL | ||
| 005 | 20230906153312.0 | ||
| 007 | t| | ||
| 008 | 021227s1954 sp ||||1| spa d | ||
| 100 | 1 |
_aAriño Cenzano, Julio. _922841 |
|
| 245 | 1 | 0 |
_aSesión inaugural... _b: discurso sobre cómo oimos y por qué no oimos / _cpor Julio Ariño Cenzano ; precedido de la memoria reglamentaria por Eduardo de Gregorio García-Serrano. |
| 260 |
_aZaragoza : _bAcademia de Medicina, _c1954 ( _fHeraldo de Aragón) |
||
| 300 |
_a63 p. ; _c24 cm. |
||
| 700 | 1 |
_aGregorio García-Serrano, Eduardo de. _959905 |
|
| 710 | 2 |
_aReal Academia de Medicina de Zaragoza. _96323 |
|
| 852 |
_aES-MaACL _j2028-F-9 _bR.35892 |
||
| 999 |
_c25609 _d25609 |
||